| 000 | nam a22 7a 4500 | ||
|---|---|---|---|
| 999 |
_c330662 _d330662 |
||
| 003 | NUST | ||
| 005 | 20170727164316.0 | ||
| 008 | 170727b xxu||||| |||| 00| 0 eng d | ||
| 020 | _a9694961432 | ||
| 040 | _cNUST | ||
| 082 |
_a320.9547 _bMAL |
||
| 100 |
_aMalik, Fatih Muhammad _93623 |
||
| 245 |
_aFikri tangdasti aur nazriyati begangi ka mousam/ _cby Fatih Muhammad Malik |
||
| 260 |
_aIslamabad: _bDost publications, _c2001 |
||
| 300 | _a236 p. | ||
| 500 | _aPolitical Science | ||
| 546 | _aIn Urdu | ||
| 650 |
_aPolitics- Issues _93624 |
||
| 880 |
_6100-01\(3\r _aفتح محمد ملک |
||
| 880 |
_6245-02\(3\r _aفکری تنگدستی اور نظریاتی بیگانگی کا موسم _cفتح محمد ملک |
||
| 880 |
_6260-03\(3\r _aاسلام آباد: _bدوست پبلی کیشنز، _c2002 |
||
| 942 |
_2ddc _cBK |
||